Регионална библиотека "Любен Каравелов" - Русе

Бяла (Запис номер 149871)

MARC детайли
000 -Лидер
Контролно поле с фиксирана дължина 01907nam a2200517 c 4500
003 - Код на организацията, давaща контролен номер
Контролно поле BLK
005 - Дата и час на последна редакция
Контролно поле 20240325085629.0
008 - Елементи от данни с фиксирана дължина
fixed length control field 180410b bul|||||r ||||||| ||bul||
010 ## - Наследен системен номер
LC control number KNG00156177000
040 ## - Източник на каталожния запис
Идентификатор на билиотеката - собственик на записа BLK
041 ## - Код за език
Код за езика на текст/звукозапис или на отделно заглавие Български
Код за езика КДБФ Български
072 #7 - Код за тематичната категория
Код организация bullib
Код за тематична категория К
Текст Краезнание
072 ## - Код за тематичната категория
Код организация bullib
Код за тематична категория Я
Текст Автографи
9 (RLIN) 178370
080 ## - УДК
Текстов определител УДК Краезнание
УДК код - определител по УДК 908
УДК определител (497.21-21)
УДК - код + определител 908(497.21-21)
080 ## - УДК
Текстов определител УДК История на България
УДК код - определител по УДК 94(497.2)
УДК - код + определител 94(497.2)
100 ## - Редна дума - Автор
Автор Коларов, Иван
Дати, свързани с автора 1923 - 2009
Автор - информация (биография) Поет, сатирик, литературен критик, журналист. Преводач от сърбохърватски, руски, турски език. Обретеник
Пълна форма на името Иванов, Иван Стоянов
R(LIN) 491867
139 ## - Редно поле
Редна дума Коларов, Иван
Авторски знак Кок - К 77
245 10 - Сведения за заглавието
Заглавие Бяла
Подзаглавни данни [Ист. очерк]
Редно поле (дума) Иван Коларов.
257 ## - Страна на издаване
Страна на създаване/издаване България
260 ## - Област на издателските данни
Място на издаване, разпространение и проч. София
Име на издателя, разпространителя и проч. НС ОФ
Година на издаване 1967
300 ## - Физическа характеристика
Страници 71 с.
Илюстрации и др. с ил.
Размери/Мащаб 20 см
380 ## - Жанр
Жанр История
490 ## - СЕРИИ (Колекции)
Име на серия Бащино огнище
9 (RLIN) 205617
500 ## - Общи забележки
Забележка 6 600 тир.
650 #4 - Допълнително описание по предмет – тема
Основно описание – тема или топоним Градове - България
9 (RLIN) 243112
650 #4 - Допълнително описание по предмет – тема
Основно описание – тема или топоним Градове - България - история и етнография
9 (RLIN) 254466
651 #4 - Допълнително описание по предмет - топоним
Географско понятие България
9 (RLIN) 241624
651 #4 - Допълнително описание по предмет - топоним
Географско понятие Бяла
9 (RLIN) 178686
651 #4 - Допълнително описание по предмет - топоним
Географско понятие Русенско
9 (RLIN) 179464
653 ## - Ключова дума – ненормативна
Ключова дума градове
653 ## - Ключова дума – ненормативна
Ключова дума Бяла
653 ## - Ключова дума – ненормативна
Ключова дума история
659 ## - Тематичен бюлетин
Тематичен бюлетин К
659 #7 - Тематичен бюлетин
Тематичен бюлетин Я
9 (RLIN) 178167
Тематичен бюлетин - текст Автографи
852 ## - Местоположение
Форматна сигнатура Цб 41158
852 ## - Местоположение
Форматна сигнатура К 908/К 77
856 4# - Електронен адрес и достъп
Електронен формат pdf - файл
856 4# - Електронен адрес и достъп
Електронен формат pdf - файл
999 ## - СИСТЕМНИ КОНТРОЛНИ НОМЕРА
Koha biblionumber 149871
Koha biblioitemnumber 149871
942 ## - АРТИКУЛИ
Вид на библиотечния материал Книги
Скрит в OPAC Не
Периодичен библиозапис Да
944 ## - СЪЗДАВАНЕ И РЕДАКЦИЯ на ЗАПИСА
Създаване/Редакция Създаване
Дата на регистрацията/редакция 29.01.2014
Статус, дата на статуса Геновева Генчева
Служител, извършил регистрацията/редакцията 30560
944 ## - СЪЗДАВАНЕ И РЕДАКЦИЯ на ЗАПИСА
Създаване/Редакция Редакция
Дата на регистрацията/редакция 31.01.2014
Статус, дата на статуса 29.01.2014 - от С1,Р / 29.01.2014
999 ## - СИСТЕМНИ КОНТРОЛНИ НОМЕРА
Koha biblioitemnumber 149871
999 ## - СИСТЕМНИ КОНТРОЛНИ НОМЕРА
Koha biblioitemnumber 149871
999 ## - СИСТЕМНИ КОНТРОЛНИ НОМЕРА
Koha biblioitemnumber 149871
999 ## - СИСТЕМНИ КОНТРОЛНИ НОМЕРА
Koha biblioitemnumber 149871
Наличности
Код за отписване Код за изгубен артикул Източник на класификационната схема Код за повреда Коз за рестрикции Код за отдаване Артикулен № Име на библиотеката - собственик Име на библиотеката, в която се намира в момента Статус (Текущо местоположение) Дата на вписване в системата Местоположение - отдел Цена в лева Инвентарен номер Систематично азбучна сигнатура Баркод Номер на екземпляра Цена в евро Служебна бележка Служебен тип на артикула
  Не е изгубен Universal Decimal Classification Не е повреден само за читалня ползва се в читалня 250305 Регионална библиотека "Любен Каравелов" Русе Регионална библиотека "Любен Каравелов" Русе Хранилище 1967-01-01 Хранилище 0.20 6832/67 Цб 41158 900000099773 1 0.10 Дост: Dp Вид: Д N: Сф Дата: 01.01.1967 Книги
Изтеглен Не е изгубен   Не е повреден без рестрикции заемане за дома 250306 Регионална библиотека "Любен Каравелов" Русе Регионална библиотека "Любен Каравелов" Русе Заемна - подръчен фонд 1967-01-01 Заемна - подръчен фонд 0.00 7086/67 П 949.72/К 77 7086/67 2 0.00 N: Сф Дата: 01.01.1967 Книги
Изтеглен Не е изгубен Universal Decimal Classification Не е повреден без рестрикции заемане за дома 250307 Регионална библиотека "Любен Каравелов" Русе Регионална библиотека "Любен Каравелов" Русе Заемна - подръчен фонд 1967-01-01 Заемна - подръчен фонд 0.20 7087/67 П 949.72/К 77 900000042596 3 0.10 N: Сф Дата: 01.01.1967 Дата инв: 08.02.2018 Бележки инв: П2018 Книги
  Не е изгубен Universal Decimal Classification Не е повреден без рестрикции ползва се в читалня 250308 Регионална библиотека "Любен Каравелов" Русе Регионална библиотека "Любен Каравелов" Русе Краезнание 1967-01-01 Краезнание 0.20 7089/67 К 908/К 77 900000003774 4 0.10 N: Сф Дата: 01.01.1967 Дата инв: 06.11.2017 Бележки инв: К2017 Книги
  Не е изгубен Universal Decimal Classification Не е повреден само за читалня ползва се в читалня 730287 Регионална библиотека "Любен Каравелов" Русе Регионална библиотека "Любен Каравелов" Русе Хранилище 2019-07-15 Основен фонд - ползва се само за читалня 0.20 120000834042 Цб 41158 120000834042   0.10 С автограф за Никола Боздуганов Книги
Vip Innovations Ltd, Rousse, Bulgaria 2025